| 000 | 00567nam a22001817a 4500 | ||
|---|---|---|---|
| 005 | 20251108164827.0 | ||
| 008 | 250721s1985 xx 000 0 ara d | ||
| 082 | 1 | 4 | _a889/بيي |
| 100 | 1 | _aبيين، بيتر | |
| 245 | 1 | 0 |
_aمدخل إلى كافاني : _bكازانتراكيس - ريتوى / |
| 264 | 1 |
_aعمان : _bدار المنارات للنشر، _c1985. |
|
| 300 | _a148ص. | ||
| 650 | 1 | 7 | _aالأدب اليوناني |
| 650 | 1 | 7 | _aالحديث الشريف |
| 700 | 1 |
_aفركوح، سعاده _eترجمة |
|
| 942 |
_2ddc _cBK |
||
| 999 |
_c15323 _d15323 |
||